Revolúcia 1989 v Československu z pohľadu medzinárodných aktérov
Kríza komunistického režimu. Proces významných novembrových dní v ČSSR v roku 1989. Nežná revolúcia a jej virtuálne historické úvahy. Ľudové milície.
Na minha lista:
| Autor principal: | |
|---|---|
| Formato: | Capítulo de Livro |
| Idioma: | eslovaco |
| Assuntos: | |
| Tags: |
Sem tags, seja o primeiro a adicionar uma tag!
|
MARC
| LEADER | 00000naa a2200000 4500 | ||
|---|---|---|---|
| 001 | 0212661 | ||
| 005 | 20220725101008.5 | ||
| 041 | 0 | |a slo | |
| 044 | |a SK | ||
| 245 | 1 | 0 | |a Revolúcia 1989 v Československu z pohľadu medzinárodných aktérov |c Jakub Agafon |
| 520 | |a Kríza komunistického režimu. Proces významných novembrových dní v ČSSR v roku 1989. Nežná revolúcia a jej virtuálne historické úvahy. Ľudové milície. | ||
| 610 | 2 | 0 | |a revolúcia |
| 610 | 2 | 0 | |a socializmus |
| 610 | 2 | 0 | |a Československo |
| 610 | 2 | 0 | |a ZSSR |
| 610 | 2 | 0 | |a história |
| 100 | 1 | |a Agafon, Jakub | |